[Event "FIDE World Rapid Team"]
[Site "Almaty KAZ"]
[Date "2024.08.02"]
[Round "4.41"]
[White "Demezhanov, Tuleubek"]
[Black "Kiribayeva, Togzhan"]
[Result "1-0"]
[WhiteElo "1776"]
[BlackElo "1544"]
[WhiteTeam "Abai Chess Team"]
[BlackTeam "Abai's Gambit Pioneers"]
[WhiteFideId "13707272"]
[BlackFideId "13739263"]
[EventDate "2024.08.02"]

1. e4 c5 2. Nf3 Nc6 3. c3 d5 4. exd5 Qxd5 5. Na3 Nf6 6. d4 cxd4 7. Nb5 Qd8 8.
Nbxd4 Nxd4 9. Nxd4 Bd7 10. Bc4 e6 11. O-O Be7 12. Qf3 Qc8 13. Bb3 O-O 14. Bf4 a6
15. Rfe1 b5 16. Nf5 Bc5 17. Nd6 Qc6 18. Ne4 Be7 19. Bc2 Qb6 20. Be5 Nd5 21. Qh5
h6 22. Qg4 f6 23. Bd4 Qc7 24. Ng3 Rf7 25. Qg6 f5 26. Nh5 Bf8 27. Be5 Qd8 28.
Rad1 Qe7 29. Rd3 Qg5 30. Qxg5 hxg5 31. Bb3 Nb6 32. h4 gxh4 33. Nf4 Nc4 34. Bd4
Re8 35. Ng6 Nxb2 36. Rh3 Nc4 37. Rxh4 Rfe7 38. Rh8+ Kf7 39. Nxe7 Bxe7 40. Rxe8
Bxe8 41. Bxc4 bxc4 42. Rb1 Bb5 43. Re1 Bd6 44. Be5 Bc5 45. Kf1 Be7 46. Rd1 Bf6
47. Bxf6 Kxf6 48. Ke2 Ke5 49. Ke3 f4+ 50. Ke2 g5 51. Rd8 g4 52. Rg8 Kf5 53. f3
g3 54. Rf8+ Ke5 55. Rd8 Kf5 56. Kd2 e5 57. Rf8+ Ke6 58. Rc8 Kd5 59. Rh8 Ke6 60.
Rh1 Kf5 61. Re1 Bc6 62. Rh1 Bb5 63. Rb1 e4 64. Ke2 exf3+ 65. gxf3 Kg5 66. Rd1
Kh4 67. Rd5 Kh3 68. Rf5 Kg2 69. Rxf4 Kg1 70. Rd4 Ba4 71. Rg4 g2 72. f4 1-0

[Event "FIDE World Rapid Team"]
[Site "Almaty KAZ"]
[Date "2024.08.02"]
[Round "4.42"]
[White "Amangaliyev, Dauletkhan"]
[Black "Akylbek, Eskendir"]
[Result "0-1"]
[WhiteElo "1531"]
[BlackElo "1603"]
[WhiteTeam "Abai's Gambit Pioneers"]
[BlackTeam "Abai Chess Team"]
[WhiteFideId "447022361"]
[BlackFideId "13747860"]
[EventDate "2024.08.02"]

1. Nf3 d5 2. d4 e6 3. Bf4 Bd6 4. Bxd6 Qxd6 5. Nc3 f5 6. e3 c6 7. g4 fxg4 8. Ne5
Nf6 9. Bd3 O-O 10. h3 g3 11. f4 Nbd7 12. Rg1 Qb4 13. Qd2 Nxe5 14. fxe5 Nh5 15.
Be2 Rf2 16. Rxg3 Nxg3 17. Kxf2 Qxb2 18. Rg1 Qxc3 19. Qd1 Ne4+ 20. Kf3 Bd7 21.
Bd3 Rf8+ 22. Kg4 Nf2+ 0-1

[Event "FIDE World Rapid Team"]
[Site "Almaty KAZ"]
[Date "2024.08.02"]
[Round "4.43"]
[White "Nyshanbayev, Bolat"]
[Black "Tulegenov, Amir"]
[Result "1/2-1/2"]
[WhiteElo "2091"]
[BlackElo "1858"]
[WhiteTeam "VKO Team"]
[BlackTeam "Baiterekchess"]
[WhiteFideId "13704435"]
[BlackFideId "13742167"]
[EventDate "2024.08.02"]

1. d4 Nf6 2. Nf3 g6 3. c4 Bg7 4. Nc3 d5 5. cxd5 Nxd5 6. e4 Nxc3 7. bxc3 c5 8.
Bb5+ Nc6 9. O-O cxd4 10. cxd4 O-O 11. Bxc6 bxc6 12. Qc2 Bg4 13. Ne5 Qxd4 14. Bb2
Qb6 15. Rab1 Bxe5 16. Bxe5 Qa5 17. Bf4 Be6 18. a4 Rac8 19. Rb7 Rfe8 20. Be3 Ra8
21. Bc5 Qa6 22. Rfb1 Qc4 23. Qxc4 Bxc4 24. Bxa7 Bd3 25. R1b4 Ba6 26. Rd7 Rad8
27. Rbd4 Rxd7 28. Rxd7 Ra8 29. Rxe7 Bd3 30. f3 c5 31. Kf2 c4 32. Ke3 Bf1 33. Kf2
Bd3 34. Rc7 c3 35. Rxc3 Rxa7 36. Rxd3 Rxa4 37. g4 g5 38. Kg3 Kg7 39. Rd5 h6 40.
h4 Kg6 41. Rd6+ Kg7 42. Rd7 Ra3 43. h5 Ra2 44. Rd8 Rb2 45. Re8 Ra2 46. Rb8 Kf6
47. Rb6+ Kg7 48. Rb3 Ra1 49. Kf2 Kf6 50. Ke3 Re1+ 51. Kd4 Rd1+ 52. Kc4 Rc1+ 53.
Kd5 Rd1+ 54. Kc5 Ke5 55. Rb7 Rc1+ 56. Kb5 Kf6 57. Rb6+ Kg7 58. Ka4 Ra1+ 59. Kb4
Rc1 60. Rd6 Rc2 61. Kb3 Rc1 62. Kb2 Rc5 63. Rd3 Kf6 64. Rc3 Rb5+ 65. Kc2 Ke5 66.
Rc7 Kf6 67. Kd3 Rb3+ 68. Rc3 Rb4 69. Ke3 Rb1 70. Rd3 Re1+ 71. Kf2 Rb1 72. Rd6+
Kg7 73. e5 Rb2+ 74. Ke3 Rb3+ 75. Ke4 Rb4+ 76. Rd4 Rb3 77. f4 Rg3 78. Kf5 Rf3 79.
Re4 Rf2 80. Rd4 Rf3 81. Rc4 Rf1 82. Ra4 Rf2 83. Re4 Rf3 84. Rc4 Rf1 85. Re4 Rf3
86. Rc4 Rf2 87. Rd4 Rf1 88. Rb4 Rf2 89. Re4 Rf3 90. e6 fxe6+ 91. Ke5 Rxf4 92.
Rxf4 gxf4 93. Kxf4 Kf6 94. Ke4 Kg5 95. Kf3 e5 96. Ke4 Kxg4 97. Kxe5 Kxh5 98. Kf4
Kh4 99. Kf3 Kh3 100. Kf2 Kh2 101. Kf1 h5 102. Kf2 h4 103. Kf1 h3 104. Kf2 Kh1
105. Kf1 h2 106. Kf2 1/2-1/2

[Event "FIDE World Rapid Team"]
[Site "Almaty KAZ"]
[Date "2024.08.02"]
[Round "4.44"]
[White "Primbetov, Nurassyl"]
[Black "Shevchenko, Alexandr"]
[Result "0-1"]
[WhiteElo "1784"]
[BlackElo "1814"]
[WhiteTeam "Baiterekchess"]
[BlackTeam "VKO Team"]
[WhiteFideId "447010193"]
[BlackFideId "13756478"]
[EventDate "2024.08.02"]

1. e4 e5 2. Nf3 Nc6 3. d4 exd4 4. Bc4 Bc5 5. Ng5 Nh6 6. Nxf7 Nxf7 7. Bxf7+ Kxf7
8. Qh5+ g6 9. Qxc5 Qe7 10. Qxe7+ Nxe7 11. O-O d5 12. f3 Be6 13. Nd2 c5 14. exd5
Bxd5 15. Ne4 b6 16. c4 Bxe4 17. fxe4+ Ke6 18. Bh6 Rhe8 19. Bg7 Ng8 20. e5 Re7
21. Bf6 Nxf6 22. exf6 Rf7 23. Rae1+ Kd7 24. g4 g5 25. Rf5 h6 26. Kg2 Raf8 27.
Ref1 Re8 28. R1f2 Re6 29. a4 a5 30. h3 Ke8 31. Kg3 Re3+ 32. R2f3 Rxf3+ 33. Rxf3
Kd7 34. h4 Ke6 35. Rb3 Rb7 36. Rf3 Kf7 37. hxg5 hxg5 38. Rf5 Rd7 39. Kf2 Kg6 40.
Ke2 Rf7 41. Rd5 Rxf6 42. Kd3 Re6 43. Rd8 Re3+ 44. Kd2 Re6 45. Kd3 Kf7 46. Rd7+
Kf6 47. Rd5 Re3+ 48. Kd2 Re5 49. Rd6+ Re6 50. Rd5 Kg6 51. Rd8 Kf7 52. Rd5 Kf6
53. Rd8 Ke5 54. Rf8 Rf6 55. Rg8 Kf4 56. Ke2 Kxg4 57. Re8 Kh3 58. Rh8+ Kg3 59.
Rg8 g4 60. Rg7 Kh3 61. Rh7+ Kg2 62. Rg7 g3 63. Rg8 Rf2+ 64. Kd3 Rxb2 65. Rg6 Kf2
66. Rf6+ Kg1 67. Rg6 g2 68. Ke4 Kf1 69. Rf6+ Rf2 70. Rxb6 g1=Q 71. Rb1+ Kg2 72.
Rxg1+ Kxg1 73. Kd5 d3 74. Kxc5 d2 75. Kb6 d1=Q 76. Kxa5 Ra2 77. Kb6 Qxa4 78. c5
Rb2+ 79. Kc7 Rc2 80. Kd8 Rxc5 81. Ke7 Qa6 82. Kd8 Qb7 83. Ke8 Rc8# 0-1

[Event "FIDE World Rapid Team"]
[Site "Almaty KAZ"]
[Date "2024.08.02"]
[Round "4.45"]
[White "Sadybekov, Adilzhan"]
[Black "Omarbek, Adlet"]
[Result "1/2-1/2"]
[WhiteElo "1674"]
[BlackElo "1713"]
[WhiteTeam "VKO Team"]
[BlackTeam "Baiterekchess"]
[WhiteFideId "13764799"]
[BlackFideId "13779842"]
[EventDate "2024.08.02"]

1. d4 Nf6 2. Nf3 b6 3. Bf4 Bb7 4. e3 e6 5. Nbd2 Be7 6. Bd3 d5 7. h3 c5 8. Bxb8
Rxb8 9. Bb5+ Kf8 10. Qe2 c4 11. c3 a6 12. Ba4 b5 13. Bc2 g6 14. e4 Kg7 15. a3
Re8 16. O-O a5 17. Nh2 Qb6 18. f4 dxe4 19. Nxe4 Bxe4 20. Bxe4 Red8 21. Ng4 Nxg4
22. hxg4 Rbc8 23. Kh1 b4 24. axb4 axb4 25. f5 exf5 26. gxf5 Bf6 27. Qf3 Rc7 28.
Ra4 bxc3 29. bxc3 Re8 30. Rb1 Qd6 31. Rab4 Qe7 32. Bd5 Qe3 33. Qxe3 Rxe3 34. Rb7
Rxb7 35. Rxb7 gxf5 36. Bxf7 Rxc3 37. Bxc4+ Kh6 38. Bg8 Bxd4 39. Rxh7+ Kg6 40.
Re7 Kf6 41. Re1 Rc8 42. Rd1 Ke5 43. Re1+ Kf4 44. Rf1+ Kg4 45. Rd1 Bf2 46. Bh7
Rc6 47. g3 Bxg3 48. Rd4+ f4 49. Kg2 Rh6 50. Bg8 Rh2+ 51. Kg1 Rb2 52. Be6+ Kh4
53. Rd7 Kg5 54. Bd5 Kf5 55. Bf3 Bh2+ 56. Kh1 Bg3 57. Kg1 Ke6 58. Rd1 Rf2 59. Rf1
Rb2 60. Rd1 Ke5 61. Rd5+ Kf6 62. Rd1 Rb3 63. Kg2 Rc3 64. Rd2 Re3 65. Rd6+ Ke7
66. Rd4 Ra3 67. Rd2 Ra6 68. Be2 Re6 69. Bf3 Re1 70. Rd1 Re3 71. Rd4 Kf6 72. Rd6+
Ke5 73. Rd5+ Ke6 74. Rd8 Ra3 75. Rd2 Ke5 1/2-1/2

[Event "FIDE World Rapid Team"]
[Site "Almaty KAZ"]
[Date "2024.08.02"]
[Round "4.46"]
[White "Shakhman, Asanali"]
[Black "Serikov, Merey"]
[Result "1-0"]
[WhiteElo "1537"]
[BlackElo "1616"]
[WhiteTeam "Baiterekchess"]
[BlackTeam "VKO Team"]
[WhiteFideId "447018860"]
[BlackFideId "13734067"]
[EventDate "2024.08.02"]

1. e4 c5 2. c4 Nc6 3. Nc3 a6 4. g3 d6 5. Bg2 e6 6. Nge2 Nf6 7. O-O Be7 8. d3 O-O
9. h3 Rb8 10. a4 e5 11. Kh2 Re8 12. f4 Bf8 13. f5 g6 14. g4 Bg7 15. Ng3 Nd4 16.
g5 Nd7 17. f6 Bf8 18. h4 b5 19. axb5 axb5 20. cxb5 Nxb5 21. h5 Nxc3 22. bxc3 Nb6
23. hxg6 hxg6 24. c4 Qd7 25. Nf5 Qd8 26. Rh1 Bxf5 27. exf5 Qd7 28. fxg6 fxg6 29.
Rb1 d5 30. Rxb6 Rxb6 31. Bxd5+ Ree6 32. Kg1 Rd6 33. Qf3 Rxd5 34. cxd5 Rd6 35.
Qg3 Qf5 36. Rh2 Rxd5 37. Qh4 Kf7 38. Ra2 Rxd3 39. Qh7+ Ke6 40. Qg8+ Kd7 41. Qf7+
Kc6 42. Ra6+ Kb5 43. Qb7+ Kc4 44. Ra4+ Kc3 45. Qb2# 1-0

[Event "FIDE World Rapid Team"]
[Site "Almaty KAZ"]
[Date "2024.08.02"]
[Round "4.47"]
[White "Tulekenova, Aiza"]
[Black "Ishmukhametova, Gulnur"]
[Result "1-0"]
[WhiteElo "1581"]
[BlackElo "1538"]
[WhiteTeam "VKO Team"]
[BlackTeam "Baiterekchess"]
[WhiteFideId "13763881"]
[BlackFideId "13773070"]
[EventDate "2024.08.02"]

1. e4 c5 2. Nf3 e6 3. d4 Nc6 4. d5 exd5 5. exd5 Qe7+ 6. Be2 Ne5 7. Nxe5 Qxe5 8.
O-O Ne7 9. d6 Nc6 10. Bc4 Qxd6 11. Re1+ Ne5 12. Qxd6 Bxd6 13. f4 f6 14. Nc3 Kd8
15. fxe5 fxe5 16. Nd5 h6 17. b3 a6 18. a4 Bb8 19. Bd2 d6 20. Ba5+ Ke8 21. Nb6
Bc7 22. Rad1 Rb8 23. Nxc8 Bxa5 24. Nxd6+ Kf8 25. Rxe5 Bc7 26. Rf1# 1-0

[Event "FIDE World Rapid Team"]
[Site "Almaty KAZ"]
[Date "2024.08.02"]
[Round "4.48"]
[White "Atbailar, Anuar"]
[Black "Niyazbek, Nurtileu"]
[Result "0-1"]
[WhiteElo "1456"]
[BlackElo "1578"]
[WhiteTeam "Baiterekchess"]
[BlackTeam "VKO Team"]
[WhiteFideId "447029196"]
[BlackFideId "13765337"]
[EventDate "2024.08.02"]

1. e4 c6 2. d4 d5 3. exd5 cxd5 4. Bd3 g6 5. Nf3 Bg7 6. b3 Nc6 7. Bb2 Bg4 8. Nbd2
Nxd4 9. Bxd4 Bxd4 10. Rb1 Qb6 11. O-O Nf6 12. Qc1 O-O 13. h3 Bxf3 14. Nxf3 e5
15. c3 Rac8 16. Qg5 Rxc3 17. Qxf6 Qxf6 18. Be2 e4 19. Nxd4 Qxd4 20. Rbd1 Qe5 21.
f4 Qd6 22. f5 d4 23. Rf4 Qxf4 24. Bf1 0-1

[Event "FIDE World Rapid Team"]
[Site "Almaty KAZ"]
[Date "2024.08.03"]
[Round "5.2"]
[White "Maghsoodloo, Parham"]
[Black "Nepomniachtchi, Ian"]
[Result "1-0"]
[WhiteTitle "GM"]
[BlackTitle "GM"]
[WhiteElo "2723"]
[BlackElo "2767"]
[WhiteTeam "Al-Ain ACMG UAE"]
[BlackTeam "WR Chess Team"]
[WhiteFideId "12539929"]
[BlackFideId "4168119"]
[EventDate "2024.08.02"]

1. d4 Nf6 2. c4 e6 3. Nc3 Bb4 4. e3 O-O 5. Ne2 d5 6. a3 Be7 7. cxd5 exd5 8. Nf4
Re8 9. Bd3 Bd6 10. O-O c6 11. f3 c5 12. dxc5 Bxc5 13. Ncxd5 Nxd5 14. Nxd5 Be6
15. Nf4 Qb6 16. Nxe6 Rxe6 17. Bc4 Re7 18. Kh1 Bxe3 19. Bxe3 Rxe3 20. Qd5 Qc7 21.
Rae1 Rxe1 22. Rxe1 Nc6 23. Qe4 g6 24. Rd1 Rd8 25. Rxd8+ Qxd8 26. Qd5 Qf6 27. Qd2
b6 28. f4 h5 29. g3 Nd4 30. Bd5 Nf5 31. Be4 Nd6 32. Bd5 h4 33. Kg2 Qf5 34. Kf3
hxg3 35. hxg3 Qh3 36. Qg2 Qh8 37. g4 Qd4 38. Kg3 a5 39. b3 Nb5 40. a4 Nc3 41.
Bf3 Qe3 42. Qc2 Kf8 43. f5 g5 44. Kg2 Ke7 45. Qb2 Qd4 46. Qa3+ Qc5 47. Qc1 Kf6
48. Qd2 b5 49. Qd8+ Ke5 50. axb5 Nxb5 51. Qh8+ 1-0

[Event "FIDE World Rapid Team"]
[Site "Almaty KAZ"]
[Date "2024.08.03"]
[Round "5.5"]
[White "Hou, Yifan"]
[Black "Lagno, Kateryna"]
[Result "0-1"]
[WhiteTitle "GM"]
[BlackTitle "GM"]
[WhiteElo "2633"]
[BlackElo "2532"]
[WhiteTeam "WR Chess Team"]
[BlackTeam "Al-Ain ACMG UAE"]
[WhiteFideId "8602980"]
[BlackFideId "14109336"]
[EventDate "2024.08.02"]

1. e4 e5 2. Nf3 Nc6 3. Bc4 Nf6 4. d3 d5 5. exd5 Nxd5 6. O-O Nb6 7. Bb3 Bg4 8. h3
Bh5 9. Re1 Qe7 10. a4 a5 11. Be3 O-O-O 12. Nc3 f6 13. Qe2 Kb8 14. Rad1 g5 15. g4
Bg6 16. Bxb6 cxb6 17. d4 exd4 18. Nxd4 Nxd4 19. Qxe7 Bxe7 20. Rxe7 Nxb3 21.
Rxd8+ Rxd8 22. cxb3 Rd2 23. Re6 Rxb2 24. Rxb6 Rc2 25. Nd5 Be4 26. Ne3 Rc1+ 27.
Kh2 Bc6 28. b4 axb4 29. Rxb4 Ra1 30. Rd4 Rxa4 31. Rxa4 Bxa4 32. Nd5 Bc6 33. Nb4
Kc7 34. Kg3 Kd6 35. f4 Kc5 36. Na2 b5 37. fxg5 fxg5 38. h4 gxh4+ 39. Kxh4 b4 40.
Nc1 Kc4 41. Kg5 b3 0-1

[Event "FIDE World Rapid Team"]
[Site "Almaty KAZ"]
[Date "2024.08.03"]
[Round "5.7"]
[White "Rapport, Richard"]
[Black "Ding, Liren"]
[Result "1/2-1/2"]
[WhiteTitle "GM"]
[BlackTitle "GM"]
[WhiteElo "2715"]
[BlackElo "2745"]
[WhiteTeam "Chessy"]
[BlackTeam "Decade China Team"]
[WhiteFideId "738590"]
[BlackFideId "8603677"]
[EventDate "2024.08.02"]

1. e4 e5 2. Nc3 Nf6 3. Bc4 Bc5 4. Nge2 O-O 5. O-O d6 6. d3 c6 7. Na4 Bb4 8. a3
Ba5 9. Ba2 b5 10. Nac3 Bb6 11. Bg5 h6 12. Bxf6 Qxf6 13. Nxb5 Nd7 14. Nbc3 Qg5
15. Qc1 Nf6 16. Qxg5 hxg5 17. Na4 Bc7 18. f3 Bd7 19. g4 a5 20. Kg2 g6 21. Rh1
Kg7 22. h4 gxh4 23. Rxh4 Rh8 24. Rxh8 Rxh8 25. Rh1 Rxh1 26. Kxh1 Nh7 27. Kg2 Ng5
28. Bc4 f5 29. gxf5 gxf5 30. b4 axb4 31. axb4 fxe4 32. fxe4 d5 33. exd5 cxd5 34.
Bb3 Bd6 35. Nc5 Bxc5 36. bxc5 Ne6 37. Bxd5 Nxc5 38. Nc3 Ba4 39. Nxa4 Nxa4 40.
Kf3 Kf6 41. Bc6 Nc5 42. Ke3 Ke6 43. Kd2 Kd6 44. Bf3 Ne6 45. Bg4 Nc5 46. Kc3 Kd5
47. Bf3+ Kd6 48. Kc4 Ne6 49. Bg4 Nc5 50. Bf5 Kc6 51. Be4+ Kd6 52. Kb5 Ne6 53. c3
Nc5 54. d4 exd4 55. cxd4 Nxe4 56. d5 Kxd5 1/2-1/2

[Event "FIDE World Rapid Team"]
[Site "Almaty KAZ"]
[Date "2024.08.03"]
[Round "5.9"]
[White "Van Foreest, Jorden"]
[Black "Yu, Yangyi"]
[Result "1/2-1/2"]
[WhiteTitle "GM"]
[BlackTitle "GM"]
[WhiteElo "2696"]
[BlackElo "2703"]
[WhiteTeam "Chessy"]
[BlackTeam "Decade China Team"]
[WhiteFideId "1039784"]
[BlackFideId "8603820"]
[EventDate "2024.08.02"]

1. e4 e5 2. Nf3 Nf6 3. Nc3 Nc6 4. h3 h6 5. d4 exd4 6. Nxd4 Bb4 7. Nxc6 bxc6 8.
Bd3 d5 9. exd5 cxd5 10. O-O O-O 11. Qf3 Rb8 12. Bf4 Bd6 13. b3 Rb4 14. Bxd6 Qxd6
15. a3 Rb7 16. Rfd1 c6 17. b4 Re7 18. Re1 Rfe8 19. Rxe7 Rxe7 20. Qg3 Re5 21. Ne2
Bd7 22. Qf4 Qe7 23. Ng3 h5 24. Qd4 Bc8 25. Rf1 Qc7 26. Qh4 Qb6 27. Qf4 Qc7 28.
Qh4 Qb6 29. Ne2 Ba6 30. Nc3 Bxd3 31. cxd3 g5 32. Qg3 Qd4 33. Qf3 Kg7 34. Ne2 Qb2
35. Ng3 Kg6 36. Qd1 h4 37. d4 Re6 38. Qd3+ Ne4 39. Nxe4 Rxe4 40. Qa6 Qxd4 41.
Qxc6+ Kg7 42. Qc2 Qe5 43. Qd3 Re1 44. b5 Rxf1+ 45. Kxf1 Qa1+ 46. Ke2 Qb2+ 47.
Ke3 Qe5+ 48. Kd2 Qb2+ 49. Ke3 Qe5+ 50. Kd2 Qb2+ 1/2-1/2

[Event "FIDE World Rapid Team"]
[Site "Almaty KAZ"]
[Date "2024.08.03"]
[Round "5.10"]
[White "Xu, Xiangyu"]
[Black "Sarana, Alexey"]
[Result "0-1"]
[WhiteTitle "GM"]
[BlackTitle "GM"]
[WhiteElo "2628"]
[BlackElo "2717"]
[WhiteTeam "Decade China Team"]
[BlackTeam "Chessy"]
[WhiteFideId "8608288"]
[BlackFideId "24133795"]
[EventDate "2024.08.02"]

1. d4 Nf6 2. c4 e6 3. g3 d5 4. Bg2 Bb4+ 5. Nd2 O-O 6. Nf3 dxc4 7. Qc2 Nc6 8.
Qxc4 Bd6 9. O-O e5 10. dxe5 Nxe5 11. Nxe5 Bxe5 12. Nf3 Bd6 13. b3 Qe7 14. Bb2
Re8 15. Ng5 h6 16. Bxf6 Qxf6 17. Ne4 Qe7 18. Nxd6 Qxd6 19. Rfd1 Qe7 20. b4 c6
21. a4 a5 22. b5 Be6 23. Qe4 Rac8 24. bxc6 bxc6 25. Qc2 c5 26. Qc3 Qc7 27. e3
Rb8 28. Rac1 Rec8 29. Bd5 Bd7 30. Rd2 Rb4 31. e4 Bxa4 32. e5 Qe7 33. Ra2 c4 34.
Qa1 Qd7 35. Rd2 Qf5 36. Rd4 Kh8 37. Rf4 Qd3 38. Bxf7 Qd2 39. Rd4 Qe2 40. Re1 Qc2
41. Be6 Rf8 42. Rf1 c3 43. Rdd1 Bc6 44. Qxa5 Rb5 45. Qa3 Rxf2 46. Rd8+ Kh7 47.
Bg8+ Kg6 48. Qd6+ Kh5 49. Qd1+ Qxd1 50. Rfxd1 Rg2+ 51. Kf1 Rxh2 52. Bd5 Rxd5 53.
R1xd5 Bxd5 0-1

[Event "FIDE World Rapid Team"]
[Site "Almaty KAZ"]
[Date "2024.08.03"]
[Round "5.11"]
[White "Muzychuk, Anna"]
[Black "Ju, Wenjun"]
[Result "1-0"]
[WhiteTitle "GM"]
[BlackTitle "GM"]
[WhiteElo "2525"]
[BlackElo "2563"]
[WhiteTeam "Chessy"]
[BlackTeam "Decade China Team"]
[WhiteFideId "14111330"]
[BlackFideId "8603006"]
[EventDate "2024.08.02"]

1. e4 e5 2. Nf3 Nc6 3. Bb5 Nf6 4. O-O Nxe4 5. Re1 Nd6 6. Nxe5 Be7 7. Bf1 Nxe5 8.
Rxe5 O-O 9. d4 Bf6 10. Re1 Re8 11. Nc3 Rxe1 12. Qxe1 Bxd4 13. Bf4 Ne8 14. Nd5 d6
15. Bg5 f6 16. Be3 Be5 17. f4 Bxb2 18. Rb1 Ba3 19. Qa5 Be6 20. Bc4 Bc5 21. Bxc5
dxc5 22. Qxc5 b6 23. Nxb6 Bxc4 24. Qxc4+ Kf8 25. Nxa8 Qxa8 26. Qc5+ Kf7 27. Re1 1-0

[Event "FIDE World Rapid Team"]
[Site "Almaty KAZ"]
[Date "2024.08.03"]
[Round "5.13"]
[White "Niemann, Hans Moke"]
[Black "Mamedyarov, Shakhriyar"]
[Result "1-0"]
[WhiteTitle "GM"]
[BlackTitle "GM"]
[WhiteElo "2711"]
[BlackElo "2733"]
[WhiteTeam "GMHans.com"]
[BlackTeam "Kazchess"]
[WhiteFideId "2093596"]
[BlackFideId "13401319"]
[EventDate "2024.08.02"]

1. e4 c5 2. Nf3 a6 3. g3 Nc6 4. Bg2 Nf6 5. d3 e5 6. O-O d6 7. c3 Be7 8. Re1 O-O
9. h3 Be6 10. Nbd2 h6 11. Nf1 Rc8 12. Ne3 Re8 13. d4 cxd4 14. cxd4 exd4 15. Nxd4
Nxd4 16. Qxd4 Nd7 17. Nd5 Ne5 18. Qd1 Bf8 19. b3 Bxd5 20. Qxd5 Qf6 21. Be3 Nf3+
22. Bxf3 Qxf3 23. Bd4 Rc2 24. Qxb7 Re6 25. Rac1 Rxc1 26. Rxc1 Rxe4 27. Kh2 Qd3
28. Ba7 Re7 29. Qa8 Qe4 30. Rc8 Qxa8 31. Rxa8 Re2 32. a4 Rb2 33. Rb8 f6 34. Bd4
Rd2 35. Be3 Rd3 36. b4 Kf7 37. a5 d5 38. b5 d4 39. bxa6 Bc5 40. Bc1 Rc3 41. Bf4
g5 42. Bd6 d3 43. Bxc5 d2 44. a7 1-0

[Event "FIDE World Rapid Team"]
[Site "Almaty KAZ"]
[Date "2024.08.03"]
[Round "5.14"]
[White "Svidler, Peter"]
[Black "Tabatabaei, M. Amin"]
[Result "1/2-1/2"]
[WhiteTitle "GM"]
[BlackTitle "GM"]
[WhiteElo "2698"]
[BlackElo "2712"]
[WhiteTeam "Kazchess"]
[BlackTeam "GMHans.com"]
[WhiteFideId "4102142"]
[BlackFideId "12521213"]
[EventDate "2024.08.02"]

1. e4 e5 2. Nf3 Nc6 3. Bb5 Nf6 4. d3 Bc5 5. c3 O-O 6. O-O d6 7. h3 h6 8. Re1 a6
9. Bxc6 bxc6 10. Nbd2 Re8 11. Nf1 a5 12. Ng3 Bb6 13. Be3 c5 14. d4 cxd4 15. cxd4
Bb7 16. dxe5 dxe5 17. Qc2 Qd7 18. Rad1 Qe6 19. a3 Rad8 20. Rxd8 Rxd8 21. Bxb6
cxb6 22. Qc7 Rd7 23. Qxe5 Qxe5 24. Nxe5 Rd2 25. Nc4 Rd4 26. Nxb6 Nxe4 27. Nf5
Rd8 28. f3 Nf6 29. Re7 Rb8 30. Nc4 a4 31. Nfd6 Bd5 32. Ra7 Ne8 33. Nxe8 Bxc4 34.
Rxa4 Be6 35. Nc7 Rxb2 36. Nxe6 fxe6 37. Ra8+ Kf7 38. a4 Ra2 39. a5 g5 40. a6 h5
41. a7 Kg7 42. Kf1 Kh7 43. g3 e5 44. g4 Kg7 45. Ke1 Kh7 46. Kd1 Kg7 47. Kc1 hxg4
48. hxg4 Kh7 49. Kb1 Ra5 50. Kc2 Kg7 51. Kb3 Ra1 52. Kb4 Ra2 53. Kc5 Ra1 54. Kd6
Ra6+ 55. Ke7 Ra1 56. Ke6 Ra6+ 57. Kf5 Ra5 58. Ke6 Ra6+ 59. Kd7 Ra1 60. Kc6 Rc1+
61. Kd5 Ra1 62. Kd6 Ra6+ 63. Ke7 Ra1 64. Ke6 Ra6+ 65. Ke7 1/2-1/2

[Event "FIDE World Rapid Team"]
[Site "Almaty KAZ"]
[Date "2024.08.03"]
[Round "5.15"]
[White "Dardha, Daniel"]
[Black "Grischuk, Alexander"]
[Result "1/2-1/2"]
[WhiteTitle "GM"]
[BlackTitle "GM"]
[WhiteElo "2608"]
[BlackElo "2708"]
[WhiteTeam "GMHans.com"]
[BlackTeam "Kazchess"]
[WhiteFideId "240990"]
[BlackFideId "4126025"]
[EventDate "2024.08.02"]

1. d4 Nf6 2. c4 e6 3. Bf4 b6 4. a3 Bb7 5. Nf3 Bd6 6. Bxd6 cxd6 7. e3 O-O 8. Bd3
d5 9. cxd5 Nxd5 10. O-O d6 11. Nbd2 Nd7 12. Qe2 Qe7 13. Rac1 Rac8 14. Ba6 Nb8
15. Bxb7 Qxb7 16. e4 Ne7 17. h4 h6 18. h5 Rxc1 19. Rxc1 Rc8 20. Rxc8+ Qxc8 21.
Qd1 Nd7 22. e5 Qc6 23. exd6 Qxd6 24. Qa4 Qc7 25. Ne5 Nf6 26. Ndc4 a5 27. Qb5
Ned5 28. g3 Kh7 29. g4 Kg8 30. Qa6 Kh7 31. Qb5 Qe7 32. Nxb6 Nf4 33. Nbd7 Nxd7
34. Qxd7 Qxd7 35. Nxd7 Ne2+ 36. Kg2 Nxd4 37. f4 g6 38. hxg6+ Kxg6 39. Ne5+ Kg7
40. b4 a4 41. Nc4 Nb5 42. Nb6 Nxa3 43. Nxa4 Nb5 44. Nc5 f5 45. gxf5 exf5 46. Kg3
Kf6 47. Kh4 Nc3 48. Kh5 Ne2 49. Nd3 Ke6 50. Kxh6 Kd5 51. Kg5 Nd4 52. Ne5 Ke4 53.
Ng6 Kd5 54. Ne5 Ke4 55. Nc4 Ne6+ 56. Kf6 Nxf4 57. b5 Nd5+ 58. Kg5 f4 59. Kh4 Kd4 1/2-1/2

[Event "FIDE World Rapid Team"]
[Site "Almaty KAZ"]
[Date "2024.08.03"]
[Round "5.16"]
[White "Sadvakasov, Darmen"]
[Black "Hong, Andrew"]
[Result "1-0"]
[WhiteTitle "GM"]
[BlackTitle "GM"]
[WhiteElo "2629"]
[BlackElo "2572"]
[WhiteTeam "Kazchess"]
[BlackTeam "GMHans.com"]
[WhiteFideId "13700464"]
[BlackFideId "2099438"]
[EventDate "2024.08.02"]

1. e4 e5 2. Nf3 Nc6 3. Bb5 a6 4. Ba4 Nf6 5. O-O Nxe4 6. d4 b5 7. Bb3 d5 8. dxe5
Be6 9. Be3 Be7 10. Nbd2 O-O 11. c3 Bg4 12. Nxe4 dxe4 13. Qd5 Qxd5 14. Bxd5 exf3
15. Bxc6 fxg2 16. Rfc1 Rad8 17. a4 bxa4 18. Rxa4 Be2 19. c4 Rb8 20. Rxa6 Rxb2
21. Ra7 Rc8 22. Bd7 Rcb8 23. Rxc7 Bf3 24. Rc8+ Rxc8 25. Bxc8 Ba3 26. Bh3 Rb8 27.
Re1 Bb2 28. Bxg2 Bxg2 29. Kxg2 Rc8 30. c5 Bxe5 31. f4 Bf6 32. Kf3 Be7 33. Rc1 f5
34. Ke2 Kf7 35. Kd3 Ra8 36. Kc4 Ra3 37. Bd4 Ra2 38. Kd5 Ke8 39. c6 Kd8 40. Ke6
Bf6 41. Bxf6+ gxf6 42. c7+ Kc8 43. Kxf5 Rxh2 44. Kxf6 Rh6+ 45. Ke7 Rh5 46. Ke6
Rh6+ 47. Ke5 Rh2 48. f5 h5 49. f6 Rf2 50. Ke6 h4 51. f7 h3 52. Re1 h2 53. Ke7
h1=Q 54. Rxh1 Re2+ 55. Kf8 Kxc7 56. Rg1 Kd7 57. Kg8 Re1 58. Rxe1 1-0

[Event "FIDE World Rapid Team"]
[Site "Almaty KAZ"]
[Date "2024.08.03"]
[Round "5.17"]
[White "Salimova, Nurgyul"]
[Black "Assaubayeva, Bibisara"]
[Result "1/2-1/2"]
[WhiteTitle "IM"]
[BlackTitle "IM"]
[WhiteElo "2412"]
[BlackElo "2470"]
[WhiteTeam "GMHans.com"]
[BlackTeam "Kazchess"]
[WhiteFideId "2915138"]
[BlackFideId "13708694"]
[EventDate "2024.08.02"]

1. d4 Nf6 2. g3 d5 3. Nf3 Bf5 4. Bg2 e6 5. O-O Nbd7 6. b3 h6 7. Bb2 Be7 8. Nbd2
O-O 9. Ne5 c6 10. Re1 Nxe5 11. dxe5 Ne4 12. Bxe4 Bxe4 13. Nxe4 dxe4 14. Qc1 Bg5
15. e3 f5 16. Ba3 Rf7 17. Rd1 Qe8 18. Qd2 Rd8 19. Qe2 Be7 20. Rxd8 Qxd8 21. Rd1
Qa5 22. Bd6 Bxd6 23. exd6 Rd7 24. Qh5 Kf8 25. Rd4 Qe5 26. Qd1 c5 27. Rd2 Qc3 28.
Qe2 a6 29. a4 Qe5 30. Qd1 Qc3 31. Qe2 Qe5 32. Qd1 Qc3 1/2-1/2